Comprehensive computer learning: (Record no. 160374)

MARC details
000 -LEADER
fixed length control field 00596nam a22001937a 4500
005 - DATE AND TIME OF LATEST TRANSACTION
control field 20190128130813.0
010 ## - LCCN (DPL NO)
LC control number ENG-124658
020 ## - INTERNATIONAL STANDARD BOOK NUMBER
International Standard Book Number 9789350578858
Terms of availability 250.00
035 ## - SYSTEM CONTROL NUMBER
System control number EN-108190
037 ## - SOURCE OF ACQUISITION
Source of stock number/acquisition DBAD/PUB
082 ## - DEWEY DECIMAL CLASSIFICATION NUMBER
Classification number 005.52
100 ## - MAIN ENTRY--PERSONAL NAME
Personal name Bittu Kumar
245 ## - TITLE STATEMENT
Title Comprehensive computer learning:
Statement of responsibility, etc by Bittu Kumar
Remainder of title microsoft word 2010/
260 ## - PUBLICATION, DISTRIBUTION, ETC. (IMPRINT)
Place of publication, distribution, etc New Delhi
Name of publisher, distributor, etc V & S Publishers
Date of publication, distribution, etc 2017
270 ## - ADDRESS
Address F-2/16, Ansari Road, Daryaganj,
City New Delhi
Postal code 110002
300 ## - PHYSICAL DESCRIPTION
Extent 95p.
Dimensions 25cm.(pbk)
Other physical details ill.
500 ## - GENERAL NOTE
General note It includes WINDOWS 8
942 ## - ADDED ENTRY ELEMENTS (KOHA)
Source of classification or shelving scheme Dewey Decimal Classification
Item type English Books
Call number suffix BIT
Classification part 005.52
Holdings
Withdrawn status Lost status Not for loan Collection code Home library Current library Date acquired Source of acquisition Cost, normal purchase price Full call number Barcode Copy number Cost, replacement price Koha item type
    Not For Loan Non-fiction D.B.Act.Division Ashok Vihar 28/01/2019 DBAD/PUB 250.00 005.52 BIT EN-108190 1 250.00 English Books

© Delhi Public Library
Hit Counter
free hit counter